000 00622nam a22002297a 4500
003 UA-OsUOA
001 35036
007 ta
008 20051106b un ||||| |||| 00| 0 ukr d
090 _a811.111(038)
942 _cBK
040 _aUA-OsUOA
_brus
_cUA-OsUOA
_dUA-OsUOA
245 _aБизнес-английский
300 _a204 с.
955 _a2
041 _arus
080 _a811.111(038)
020 _a5-7931-0165-9
260 _aСПб
_bКорона
_c2001
650 7 _a8 Мовознавство. Художня література. Літературознавство
_2UDC
999 _c321425
_d321425